| 000 | 00626nam a2200229Ia 4500 | ||
|---|---|---|---|
| 003 | OSt | ||
| 005 | 20221007064951.0 | ||
| 006 | a|||||r|||| 00| 0 | ||
| 007 | ta | ||
| 008 | 221006b |||||||| |||| 00| 0 eng d | ||
| 024 | _a14,280 | ||
| 037 | _cTextual | ||
| 040 |
_aFLL _cFLL _beng |
||
| 041 |
_2eng _aeng |
||
| 082 | _aY:356(92:427):Z2, M9 | ||
| 100 |
_aKumari Ranjana Au. _9686479 |
||
| 245 | 0 | _aBrides are not for burning | |
| 260 |
_aDelhi _bRadiant pub. India _c1989 |
||
| 300 |
_a104p _ccm. |
||
| 942 |
_hY:356(92:427):Z2, M9 _cTEXL _2CC |
||
| 999 |
_c1135898 _d1135898 |
||